| 000 -LEADER | |
|---|---|
| fixed length control field | 00436nam a22001697a 4500 |
| 005 - DATE AND TIME OF LATEST TRANSACTION | |
| control field | 20180206111450.0 |
| 008 - FIXED-LENGTH DATA ELEMENTS--GENERAL INFORMATION | |
| fixed length control field | 160428b xxu||||| |||| 00| 0 eng d |
| 020 ## - INTERNATIONAL STANDARD BOOK NUMBER | |
| ISBN | 0-07-463666-9 |
| 041 ## - LANGUAGE CODE | |
| Language code of text/sound track or separate title | eng |
| 082 ## - DEWEY DECIMAL CLASSIFICATION NUMBER | |
| Item number | 00506 |
| Classification number | 005.133 |
| 100 ## - MAIN ENTRY--AUTHOR NAME | |
| Personal name | Jerke, Noel |
| 245 ## - TITLE STATEMENT | |
| Title | The Complete Reference: Visual Basic 6 |
| 260 ## - PUBLICATION, DISTRIBUTION, ETC. (IMPRINT) | |
| Place of publication | New Delhi |
| Name of publisher | TMH Publ.co.Ltd. |
| Year of publication | 2004 |
| 300 ## - PHYSICAL DESCRIPTION | |
| Number of Pages | 788 |
| 650 ## - SUBJECT ADDED ENTRY--TOPICAL TERM | |
| Topical Term | Information Technology |
| 942 ## - ADDED ENTRY ELEMENTS (KOHA) | |
| Koha item type | Books |
| Lost status | Damaged status | Collection code | Home library | Current library | Shelving location | Date acquired | Full call number | Accession Number | Koha item type |
|---|---|---|---|---|---|---|---|---|---|
| CS/IT | JRU Library | JRU Library | SHELF-50-G | 28/04/2016 | 005.133 | 00506 | Books | ||
| CS/IT | JRU Library | JRU Library | SHELF-50-G | 28/04/2016 | 005.133 | 00507 | Books | ||
| CS/IT | JRU Library | JRU Library | SHELF-50-G | 28/04/2016 | 005.133 | 00508 | Books | ||
| CS/IT | JRU Library | JRU Library | SHELF-50-G | 28/04/2016 | 005.133 | 00509 | Books |